Dôvodová správa k novelizácii Zákonníka práce
Zmeny v paragrafe 58 Zákonníka práce sa navrhujú v súlade so Smernicou EP a Rady 2008/104/ES o dočasnej agentúrnej práci. Dôvodová správa.
Na minha lista:
| Formato: | Capítulo de Livro |
|---|---|
| Idioma: | eslovaco |
| Assuntos: | |
| Tags: |
Sem tags, seja o primeiro a adicionar uma tag!
|
MARC
| LEADER | 00000naa$a2200000$$$4500 | ||
|---|---|---|---|
| 001 | 0106579 | ||
| 005 | 20230927074840.3 | ||
| 041 | 0 | |a slo | |
| 044 | |a SK | ||
| 245 | 1 | 0 | |a Dôvodová správa k novelizácii Zákonníka práce |
| 520 | |a Zmeny v paragrafe 58 Zákonníka práce sa navrhujú v súlade so Smernicou EP a Rady 2008/104/ES o dočasnej agentúrnej práci. Dôvodová správa. | ||
| 610 | 2 | 0 | |a zákonník práce |
| 610 | 2 | 0 | |a novelizácia |
| 610 | 2 | 0 | |a správy dôvodové |